COMPLEX ANALYSIS (Record no. 216441)

MARC details
000 -LEADER
fixed length control field 00508nam a22001697a 4500
008 - FIXED-LENGTH DATA ELEMENTS--GENERAL INFORMATION
fixed length control field 260109b |||||||| |||| 00| 0 eng d
020 ## - INTERNATIONAL STANDARD BOOK NUMBER
International Standard Book Number 978-81-7075-099-4
100 ## - MAIN ENTRY--PERSONAL NAME
Personal name BOURCHTEIN, ANDREI
245 ## - TITLE STATEMENT
Title COMPLEX ANALYSIS
260 ## - PUBLICATION, DISTRIBUTION, ETC.
Place of publication, distribution, etc. DELHI
Name of publisher, distributor, etc. HINDUSTAN PUBLISHING
Date of publication, distribution, etc. 2020
300 ## - PHYSICAL DESCRIPTION
Extent VII, 302P.
500 ## - GENERAL NOTE
General note BIBLIGRAPHY P. 295-296<br/>INCLUDES INDEX
650 ## - SUBJECT ADDED ENTRY
Topical term or geographic name entry element 1. FUNCTIONS OF COMPLEX VARIABLES 2. MATHEMATICAL ANALYSIS
700 ## - ADDED ENTRY--PERSONAL NAME
Personal name BOURCHTEIN, LUDMILA
942 ## - ADDED ENTRY ELEMENTS (KOHA)
Source of classification or shelving scheme Library of Congress Classification
Koha item type Long Loan Book
Holdings
Withdrawn status Lost status Source of classification or shelving scheme Damaged status Not for loan Collection Home library Current library Shelving location Date acquired Inventory number Total checkouts Full call number Barcode Date last seen Copy number Price effective from Koha item type Date last checked out
    Library of Congress Classification     Science & Technology Kisii University Library Kisii University Library On Display 01/09/2026 110864   QA 331 .B68 2020 000000019166 01/09/2026 C.1 01/09/2026 Long Loan Book  
    Library of Congress Classification     Science & Technology Kisii University Library Kisii University Library On Display 01/09/2026 110865 1 QA 331 .B68 2020 000000019165 03/09/2026 C.2 01/09/2026 Long Loan Book 02/27/2026
    Library of Congress Classification     Science & Technology Kisii University Library Kisii University Library On Display 01/09/2026 110866   QA 331 .B68 2020 000000019164 01/09/2026 C.3 01/09/2026 Long Loan Book  
    Library of Congress Classification     Science & Technology Kisii University Library Kisii University Library On Display 01/09/2026 110867 1 QA 331 .B68 2020 000000019163 02/25/2026 C.4 01/09/2026 Long Loan Book 02/19/2026